|
|
|
|
| LEADER |
02177nam a22003497a 4500 |
| 001 |
34745 |
| 003 |
BD-DhAAL |
| 005 |
20250428151717.0 |
| 008 |
190620t20192018ii a|||| |||| 00| 0 eng d |
| 020 |
|
|
|a 9789383419715 (print)
|
| 020 |
|
|
|a 9789383419722 (e-book)
|
| 040 |
|
|
|a BD-DhAAL
|
| 082 |
|
|
|a 720.95492
|2 20
|
| 245 |
|
|
|a Bashirul haq architect /
|c edited by Iftekhar Ahmed and Sheikh Rubaiya Sultana
|
| 250 |
|
|
|a First edition
|
| 260 |
|
|
|a India :
|b Copal Publishing Group,
|c 2019
|
| 300 |
|
|
|a xii, 172 pages :
|b illustrations ;
|c 23 cm.
|
| 526 |
|
|
|a ARC
|
| 541 |
|
|
|a Zeenat Book Supply Limited
|e 34745, 34746, 34747, 34748, 34749
|
| 600 |
|
|
|a Haq, Bashirul.
|9 32674
|
| 650 |
|
|
|a Architecture
|z Bangladesh.
|9 32675
|
| 650 |
|
|
|a Architecture.
|9 32676
|
| 700 |
|
|
|a Ahmed, Iftekhar
|9 32677
|
| 700 |
|
|
|a Sultana, Sheikh Rubaiya
|9 32678
|
| 852 |
|
|
|a Ayesha Abed Library
|c General Stacks
|
| 942 |
|
|
|2 ddc
|c BK
|
| 999 |
|
|
|c 40792
|d 40792
|
| 952 |
|
|
|0 0
|1 0
|2 ddc
|4 0
|6 720_954920000000000_BAS
|7 0
|9 65567
|a BRACUL
|b BRACUL
|c GEN
|d 2019-06-18
|e Zeenat Book Supply Limited
|g 4000.00
|l 16
|m 89
|o 720.95492 BAS
|p 3010034747
|q 2026-04-26
|r 2026-04-19
|s 2026-04-19
|t 3
|v 4000.00
|w 2019-06-18
|y BK
|
| 952 |
|
|
|0 0
|1 0
|2 ddc
|4 0
|6 720_954920000000000_BAS
|7 0
|9 65568
|a BRACUL
|b BRACUL
|c GEN
|d 2019-06-18
|e Zeenat Book Supply Limited
|g 4000.00
|l 11
|m 60
|o 720.95492 BAS
|p 3010034748
|r 2026-03-07
|s 2026-02-28
|t 4
|v 4000.00
|w 2019-06-18
|y BK
|
| 952 |
|
|
|0 0
|1 0
|2 ddc
|4 0
|6 720_954920000000000_BAS
|7 0
|9 65569
|a BRACUL
|b BRACUL
|c GEN
|d 2019-06-18
|e Zeenat Book Supply Limited
|g 4000.00
|l 13
|m 139
|o 720.95492 BAS
|p 3010034749
|r 2026-05-11
|s 2026-04-21
|t 5
|v 4000.00
|w 2019-06-18
|y BK
|
| 952 |
|
|
|0 0
|1 0
|2 ddc
|4 0
|6 720_954920000000000_BAS
|7 0
|9 65570
|a BRACUL
|b BRACUL
|c GEN
|d 2019-06-18
|e Zeenat Book Supply Limited
|g 4000.00
|l 10
|m 57
|o 720.95492 BAS
|p 3010034746
|r 2026-04-30
|s 2026-04-19
|t 2
|v 4000.00
|w 2019-06-18
|y BK
|
| 952 |
|
|
|0 0
|1 1
|2 ddc
|4 0
|6 720_954920000000000_BAS
|7 0
|9 65571
|a ARC
|b ARC
|c GEN
|d 2019-06-18
|e Zeenat Book Supply Limited
|g 4000.00
|l 1
|o 720.95492 BAS
|p 3010034745
|r 2020-02-19
|s 2020-02-19
|t 1
|v 4000.00
|w 2019-06-18
|y BK
|x lost from the ARC department library and approved by the Dean (reasons personal books withdrawn by Hasibul Kabir Sir and Building shifting)
|